| 000 | 00994cab a2200265 4500 | ||
|---|---|---|---|
| 001 | ABS55371 | ||
| 008 | 090401t1996 xxu||||| |||| 00| 0 eng d | ||
| 035 | _a(Sirsi) u16026 | ||
| 041 | _aeng | ||
| 100 | _aPawlowski, M. | ||
| 245 | _aAvoiding protection under Part II of the Landlord and Tenant Act 1954 | ||
| 260 | _c1996 | ||
| 350 | _a0 | ||
| 490 |
_aRent Review & Lease Renewal _v16(2) June 1996, 29-35(7) |
||
| 520 | _aExamines some of the methods which a landlord can use to exclude security of tenure under the Landlord and Tenant Act 1954 Part II. Includes a form of originating application and draft clause for inclusion in the tenancy agreement. | ||
| 650 | _aBUSINESS TENANCIES | ||
| 650 | _aLANDLORD AND TENANT ACT 1954 PART II | ||
| 650 | _aLANDLORD AND TENANT ACT 1954 S38 | ||
| 650 | _aLANDLORD AND TENANT ACT 1954 | ||
| 650 | _aLEASES | ||
| 650 | _aSECURITY OF TENURE | ||
| 690 | _aLANDLORD AND TENANT-BUSINESS TENANCIES | ||
| 942 | _n0 | ||
| 948 | _c04/03/1997 | ||
| 999 |
_c10539 _d10539 |
||